Vie de Henry Brulard

Збережено в:
Бібліографічні деталі
Автор: Stendhal
Формат: Книга
Мова:Undetermined
Опубліковано: París, Francia Garnier Fréres 1966
Предмети:
Теги: Додати тег
Немає тегів, Будьте першим, хто поставить тег для цього запису!

MARC

LEADER 00000nam a2200000Ia 4500
008 170316s9999 xx 000 0 und d
040 |a cru BVZT 
090 |a 840 S-20v 
100 |a Stendhal 
245 |a Vie de Henry Brulard 
260 |a París, Francia 
260 |b Garnier Fréres 
260 |c 1966 
300 |a 468 páginas 
650 |a LITERATURA FRANCESA 
999 |c 8002  |d 8002 
942 |c 15 D  |h 840 S-20v  |2 z